000 00652nam a2200265Ia 4500
003 OSt
005 20220912150806.0
006 a|||||r|||| 00| 0
007 ta
008 220909b |||||||| |||| 00| 0 eng d
024 _a36950
037 _cTextual
040 _aCSL
_beng
_cCSL
041 _aeng
082 _aE:3,E5, M5
100 _aErtl G
245 0 _aLow energy electrons and surface chemistry
250 _a2
260 _aWeinheim
_bVCH
_c1985
300 _axii, 374p.
_ccm.
650 _aChemistry
700 _a Kuppers J
942 _hE:3,E5, M5
_cTEXL
_2CC
999 _c55093
_d55093